Druhy umelej inteligencie

Umelá inteligencia, pojmy, definície. Význam umelej inteligencie. Nová umelá inteligencia.

Salvato in:
Dettagli Bibliografici
Autore principale: Liptáková, Miriam
Natura: Capitolo di libro
Lingua:slovacco
Soggetti:
Tags: Aggiungi Tag
Nessun Tag, puoi essere il primo ad aggiungerne!!

MARC

LEADER 00000nla a2200000 4500
001 0233430
005 20240417075122.5
041 0 |a slo 
044 |a SK 
245 1 0 |a Druhy umelej inteligencie  |c Miriam Liptáková 
520 |a Umelá inteligencia, pojmy, definície. Význam umelej inteligencie. Nová umelá inteligencia. 
610 2 0 |a inteligencia umelá 
610 2 0 |a systémy znalostné 
100 1 |a Liptáková, Miriam